00181nam a2200073Ia 4500008004100000100001100041245002400052260003100076170817s9999 xx 000 0 und d aHASANI 0aNAIDANIK MANOVIGYAN bMOTILAL BANARASI DAS DELHI